Familias numerosas (Record no. 3679)

MARC details
000 -LEADER
campo de control de longitud fija 00916nam a2200181 i 4500
001 - NÚMERO DE CONTROL
campo de control 3679
003 - IDENTIFICADOR DE NÚMERO DE CONTROL
campo de control ES-MaACL
005 - FECHA Y HORA DE LA ÚLTIMA TRANSACCIÓN
campo de control 20250902073146.0
008 - DATOS DE LONGITUD FIJA--INFORMACIÓN GENERAL
campo de control de longitud fija 200220s1967 sp |||| | spa d
245 00 - MENCIÓN DEL TÍTULO
Título Familias numerosas
Resto del título : Protección a las familias numerosas: Ley de 13 diciembre de 1943 y Reglamento de 31 de marzo de 1944, al día, con modificaciones y aclaraciones. Disposiciones sobre beneficios de educación, fiscales, viajes, colonización, viviendas y otros. Deducciones en el impuesto sobre los rendimientos del trabajo personal aplicables desde 1º de enero de 1967 y 1º de enero de 1968.
260 ## - PUBLICACIÓN, DISTRIBUCIÓN, ETC.
Lugar de publicación, distribución, etc. Madrid :
Nombre del editor, distribuidor, etc. García Enciso,
Fecha de publicación, distribución, etc. 1967.
300 ## - DESCRIPCIÓN FÍSICA
Extensión 94 p. ;
Dimensiones 16 cm.
490 1# - MENCIÓN DE SERIE
Mención de serie Colección "García Enciso"
650 #4 - PUNTO DE ACCESO ADICIONAL DE MATERIA--TÉRMINO DE MATERIA
Término de materia o nombre geográfico como elemento de entrada Familias numerosas-
Subdivisión geográfica España-
Subdivisión de forma Legislación.
9 (RLIN) 169659
830 00 - PUNTO DE ACCESO ADICIONAL DE SERIE-TÍTULO UNIFORME
Título uniforme Colección "García Enciso"
9 (RLIN) 176884
852 ## - LOCALIZACIÓN
Ubicación ES-MaACL
Número de control de estantería P-1332-25
Holdings
Estatus retirado Estado de pérdida Estado de daño No para préstamo Biblioteca de origen Biblioteca actual Ubicación en estantería Fecha de adquisición Fuente de adquisición Total de préstamos Signatura topográfica completa Código de barras Visto por última vez Precio de reemplazo Tipo de ítem Koha
        Biblioteca del Ateneo de Madrid Biblioteca del Ateneo de Madrid Depósito 2 10/05/2005     P-1332-25 1201578 23/02/2023 23/02/2023 Libro impreso